| 000 | 00402nam a2200157 a 4500 | ||
|---|---|---|---|
| 005 | 20140414131933.0 | ||
| 008 | 100722s19uu xx 00 eng d | ||
| 050 |
_aREF 031.02 _bT56 2009 |
||
| 245 | _aAlmanac 2010. | ||
| 260 |
_aNew York : _bTime for Kids Books, _c2010. |
||
| 300 | _a256 | ||
| 440 | _aTime for kids | ||
| 500 | _aIncludes index. | ||
| 650 | _aAlmanac, Children's | ||
| 999 |
_c112295 _d112295 |
||